00378pab a2200133 454500008004000000100002400040245006200064260000900126300001400135362000800149650003500157650001900192773003300211180718b2002 xxu||||| |||| 00| 0 eng d aNewmann, William W. aReorrganizing for national security and homeland security c2002 ap.126-37. aSep aState security - United States aState security aPublic Administration Review